Desert Countries - Statistics

General Stats
  • This quiz has been taken 145 times
    89 since last reset
  • The average score is 29 of 34
Answer Stats
Area Country % Correct
1,010,000 Egypt
97%
2,150,000 Saudi Arabia
97%
7,692,000 Australia
96%
2,381,741 Algeria
94%
1,284,000 Chad
94%
1,648,000 Iran
93%
437,072 Iraq
93%
1,760,000 Libya
93%
1,886,000 Sudan
93%
1,240,000 Mali
88%
1,030,000 Mauritania
88%
446,550 Morocco
88%
1,267,000 Niger
88%
652,000 Afghanistan
87%
527,968 Yemen
87%
20,770 Israel
85%
2,725,000 Kazakhstan
85%
309,501 Oman
85%
185,180 Syria
85%
89,342 Jordan
82%
1,566,000 Mongolia
82%
881,913 Pakistan
82%
163,610 Tunisia
81%
765.3 Bahrain
79%
17,820 Kuwait
78%
11,570 Qatar
78%
637,657 Somalia
78%
491,210 Turkmenistan
78%
32,278 United Arab Emirates
78%
825,615 Namibia
76%
448,978 Uzbekistan
76%
23,200 Djibouti
68%
117,600 Eritrea
66%
600,370 Botswana
62%
No matching quizzes found
Score Distribution
Percent of People with Each Score
Percentile by Number Answered
Your Score History
You have not taken this quiz since the last reset